000 01311nam a2200253Ia 4500
999 _c37538
_d37538
001 3503
003 GE_BSU
005 20190619152756.0
008 181216s2005||||ge |||||||||||||| ||geo||
020 _a9994006207
040 _cGE_BSU
041 _ageo
080 _a616.31(075.8) ა–47
100 _aალექსიძე, ნუგზარ
_92610
245 _aნორმალური და პათოლოგიური ბიოქიმია სტომატოლოგებისათვის :
_bსახელმძღვ. /
_cრედ.: გ. მენაბდე, ვ. მარგველაშვილი.
264 _aთბილისი :
_b"ინოვაცია",
_c2005.
300 _a397გვ.:
_b სურ. ;
_c29 სმ.
504 _aბიბლიოგრ.: გვ. 386.
653 _aპირის ღრუს მორფოგენეზის ბიოქიმიური საფუძვლები
653 _aკბილების მორფოგენეზის ბიოქიმიური საფუძვლები
700 _aმენაბდე, გ.
_eრედაქტორი
_92611
700 _aმარგველაშვილი, ვ.
_eრედაქტორი
_92612
942 _cBK
_2udc